| Record ID | ia:lesoldatimpria02morv |
| Source | Internet Archive |
| Download MARC XML | https://archive.org/download/lesoldatimpria02morv/lesoldatimpria02morv_marc.xml |
| Download MARC binary | https://www.archive.org/download/lesoldatimpria02morv/lesoldatimpria02morv_meta.mrc |
LEADER: 00844cam 2200277I 4500
001 2354362
005 20080101071025.0
008 841203m19049999fr 000 0 eng
010 $a 41025237
035 $a(OCoLC)11446618
035 $907-AIE-4372
035 $aucoclc11446618
035 $a2354362
040 $aDLC$cLFM$dCLU
050 0 $aUA702$b.M7
100 1 $aMorvan, Jean.
245 13 $aLe soldat impérial (1800-1814) ...
260 $aParis :$bPlon-Nourrit et Cie,$c1904-
300 $a v.$c23 cm.
505 1 $aI. Le recrutement. Le matériel. L'instruction. La solde. Les vivres. L'administration.
590 $aAuthor's autograph presentation copy to Arthur Chuquet.
610 10 $aFrance.$bArmée$xHistory.
610 10 $aFrance.$bArmée$xRecruiting, enlistment, etc.
910 $arcp 69
935 $aMC3121810
910 $aMARS